| 000 | 01016nam a22002057a 4500 | ||
|---|---|---|---|
| 999 |
_c60208 _d60208 |
||
| 003 | Ge_BSU | ||
| 005 | 20230619170033.0 | ||
| 008 | 230619s1973 ge ||||| |||| 00| 0 geo d | ||
| 041 | _ageo | ||
| 080 | _a94(395.3) ი-72 | ||
| 100 |
_aიოსელიანი, ავთანდილ _911353 |
||
| 245 |
_aნარკვევები კოლხეთის ისტორიიდან / _cავთანდილ იოსელიანი; რედ. ს. მაკალათია. |
||
| 264 |
_aთბილისი : _bმეცნიერება, _c1973. |
||
| 300 |
_a439 გვ. : ილ.; _b13 ფ. ტაბ. ; _c22 სმ. |
||
| 501 | _aსაძიებლები გვ. 413-430. დანართი. გვ. 369-395. | ||
| 520 | _aრეზუმე რუს. და ინგლ. ენ. გვ. 396-412. | ||
| 653 | _aკოლხეთის ისტორია | ||
| 700 |
_aმაკალათია, ს. _eრედაქტორი _94598 |
||
| 942 |
_2udc _cBK |
||